Čert ne dremlet : očerki, fel'jetony /

Hlavní autor: Karvaš, Peter, 1920-1999
Jazyk: Ruština
Vydáno: Moskva : Gozlitizdat, 1957
Fyzický popis: 199 s., příl.
Knihy
Uloženo v:
LEADER 00728nam a22002412a 4500
001 001417143
003 CZ BrMZK
005 20150210123814.0
007 ta
008 140903s1957 ru f er|||||||||||rus d
040 |a ABA001  |b cze  |d BOA001 
041 1 |a rus  |h slo 
080 9 |a 885.4-323.1=82 
100 1 |a Karvaš, Peter,  |d 1920-1999  |7 jn19990210318  |4 aut 
245 1 0 |a Čert ne dremlet :  |b očerki, fel'jetony /  |c Peter Karvaš 
260 |a Moskva :  |b Gozlitizdat,  |c 1957 
300 |a 199 s., příl. 
500 |a Přeloženo ze slovenštiny 
500 |a 90000 výt. 
910 |a BOA001  |b 2-0391.777 
990 |a BK 
991 |b 201409 
996 7 |b 2619134742  |c 2-0391.777  |l MZK  |r Sklad / do 24 hodin  |n 0  |w 001452107  |u 000010  |a 1  |e BOA001  |j MZK50  |s A